Characterization of Polymer Surfaces and Thin Films /

Shranjeno v:
Bibliografske podrobnosti
Glavni avtor: Karina Grundke, Manfred Stamm, Hans-Jürgen Adler (edición)
Format: Knjiga
Jezik:angleščina
Izdano: Berlín, Alemania : Springer, 2006, c2006
Serija:(Progress in Colloid and Polymer Science)
Online dostop:Ver documento en línea
Oznake: Označite
Brez oznak, prvi označite!

MARC

LEADER 00000nam^a22000000a04500
001 000605511
009 20260413155412.755
020 |a 978-3-540-35070-5 
022 |a 1437-8027 
037 |a Acervo ITESO - Biblioteca 
041 |a ING 
082 |a Libro en línea 
100 |a Karina Grundke, Manfred Stamm, Hans-Jürgen Adler  |e (edición) 
245 |a Characterization of Polymer Surfaces and Thin Films / 
264 4 |a Berlín, Alemania :  |b Springer,  |c 2006, c2006 
264 2 |a Cham, Suiza :  |b Springer Link [distribución],  |c 2025 
300 |a 1 libro electrónico en línea (VIII, 172 p.) 
300 |a 1 recurso en línea 
336 |a datos para computadora  |b cod  |2 rdacontenido 
337 |a computadora  |b c  |2 rdamedio 
338 |a recurso en línea  |b cr  |2 rdasoporte 
440 |a (Progress in Colloid and Polymer Science) 
506 0 |a Licencias ilimitadas 
567 |a Catalogación rápida 
649 |a XX 
856 4 0 |u https://link-springer-com.ezproxy.iteso.mx/10.1007/b104970  |y Ver documento en línea 
910 |a Fondo General 
920 |a Electrónicos - Libros en Línea 
930 |a Plataforma Digital 
905 |a 205 
902 |a https://opac.biblio.iteso.mx/vufind/Record/000605511